Statistics for Нобелове награде

Click here to take the quiz!

General Stats

  • This quiz has been taken 206 times
  • The average score is 4 of 6

Answer Stats

Награда% Correct
Мир
94%
Књижевност
91%
Физика
84%
Хемија
82%
Физиологија или Медицина
54%
Економија
40%

Score Distribution

Percentile by Number Answered

Percent of People with Each Score

Your Score History

You have not taken this quiz